01448 a2200181 45000010006000000050017000060080041000230030015000640400040000790800117001192450053002360200022002892640033003113000019003445050741003631000019011048560143011231252220260407155440.0260407a2012 arg spa dAR-UNSa-BCEJYS aAR-UNSa-BCEJYSbspacAR-UNSa-BCEJYS a352xNiveles inferiores de la administración. Gobierno local. Administración municipal. Autoridades locales 10aTemas de economía de los gobiernos municipales a978-987-02-6003-5 1aBuenos Aires :bDunkenc2012 a237 p.c22 cm. a1.Introducción - 2. Teoría de los gobiernos locales(subnacionales)- 3. Anatomía del sector público argentino en el último medio siglo - 4. Tamaño del grupo y variables fiscales municipales - 5. Descentralización fiscal en el nivel subnacional de gobierno - 6. La calidad de la administración tributaria como insumo de la función de producción recaudatoria - 7. Riqueza inmobiliaria urbana y su distribución - 8. Política económica y resultados electores.El conflicto rural y el resultado electoral 2009 en las municipalidades de la provincia de Buenos Aires. - 9. Política económica y resultados elctorales. De la elección 2007 a las 2009 y 2011 en las municipalidades de la Provincia de Buenos Aires. 1 aPorto, Alberto41uhttps://biblioeco.unsa.edu.ar/pmb/images/libros/Temas de economia de los gobiernos municipales3-l118907.JPGyImagen de portadaqimage/jpeg